| 000 | 00380nam a2200157Ia 4500 | ||
|---|---|---|---|
| 008 | 210210b1905 xxu||||| |||| 00| 0 eng d | ||
| 041 | _aeng | ||
| 082 | _a825/423 | ||
| 100 | _aHERFORD (C H) | ||
| 245 | _aRobert Browning | ||
| 260 |
_aEdinburgh _bWilliam Blackwood and Sons _c1905 |
||
| 650 | _aRobert | ||
| 650 | _aBrowning | ||
| 690 | _aEnglish Criticism | ||
| 906 | _a014739 | ||
| 999 |
_c133955 _d133955 |
||